| 000 | 00799nam a22002655i 4500 | ||
|---|---|---|---|
| 001 | 23948342 | ||
| 003 | OSt | ||
| 005 | 20250108132338.0 | ||
| 008 | 241211s2024 ke a 000 0 eng | ||
| 010 | _a 2024333613 | ||
| 020 | _a9789966690845 | ||
| 040 |
_aDLC _beng _cDLC _erda |
||
| 042 |
_alcode _apcc |
||
| 082 |
_a920 _bKAR 2024 |
||
| 100 | 1 | _aKarua, Martha. | |
| 245 | 1 | 0 |
_aAgainst the tide: _bMy journey on a less trodden path / _cMartha Karua. |
| 264 | 1 |
_aKenya : _bPublishing Institute of Africa , _c2024. |
|
| 300 |
_axiii, 228 pages : _bcolor illustrations ; _c24 cm |
||
| 336 |
_atext _btxt _2rdacontent |
||
| 337 |
_aunmediated _bn _2rdamedia |
||
| 338 |
_avolume _bnc _2rdacarrier |
||
| 906 |
_a0 _bibc _corigode _d3 _encip _f20 _gy-gencatlg |
||
| 942 |
_2ddc _cBK |
||
| 999 |
_c4046 _d4046 |
||